000 00575nam a2200181 a 4500
001 000031351
003 OSt
005 20240305082410.0
008 110620q1956 ch 000 | spa d
040 _aDO-SdBNP
_bspa
_cBNPHU
082 4 _bL789g
100 1 _aOsorio Lizarazo, J. A.,
_q (José Antonio)
_d1900-1964
_922545
245 1 0 _aGermen y proceso del antitrujillismo en América /
_cJ. A. Osorio Lizarazo.
260 _aSantiago de Chile :
_bImprenta Colombia,
_c[1956].
300 _a206 p. ;
_c18 cm.
910 _aValidado. Control de calidad MFF
942 _2ddc
_cLBS1
999 _c30843
_d30843